| 000 | 01213 a2200253 4500 | ||
|---|---|---|---|
| 020 | _a0072471042 | ||
| 020 | _a9780072471045 | ||
| 082 | _a519.5 | ||
| 090 |
_c1077 _d1077 |
||
| 100 | 1 | _aLind, Douglas A. | |
| 245 | 1 | 0 |
_aBasic statistics for business and economics / _cDouglas A. Lind, William G. Marchal, Samuel Adam Wathen. |
| 250 | _a4th ed. | ||
| 260 |
_a[S.l.] : _bMcgraw-Hill (Tx), _c2003. |
||
| 300 |
_a552 p. ; _c26 cm. |
||
| 490 | 1 | _aMcgraw-hill/irwin series operations and decision sciences. | |
| 700 | 1 | _aMarchal, William G. | |
| 700 | 1 | _aWathen, Samuel Adam. | |
| 830 | 0 | _aMcgraw-hill/irwin series operations and decision sciences. | |
| 942 |
_aSNS _cBK _k519.5 LIN |
||
| 999 |
_c29694 _d29694 |
||